Statistics for Least Densely Populated Countries A-Z

Click here to take the quiz!

General Stats

  • This quiz has been taken 58 times
  • The average score is 18 of 24

Answer Stats

HintAnswer% Correct
QQatar
96%
YYemen
96%
OOman
94%
ZZambia
94%
MMongolia
85%
CCanada
83%
IIceland
81%
RRussia
81%
VVanuatu
81%
AAustralia
79%
JJordan
79%
FFinland
77%
HHonduras
77%
NNamibia
75%
KKazakhstan
74%
UUruguay
74%
TTurkmenistan
72%
BBotswana
68%
LLibya
64%
DDemocratic Republic of the Congo
58%
EEstonia
58%
PParaguay
55%
GGuyana
53%
SSuriname
51%

Score Distribution

Percentile by Number Answered

Percent of People with Each Score

Your Score History

You have not taken this quiz